000 00334nam a2200133Ia 4500
008 240624s9999 xx 000 0 und d
041 _aeng
082 _a657 SHA
100 _aSHAH PARESH
245 _aMANAGEMENT ACCOUNTING
260 _c2009
_aNew Delhi
_bOxford University press
300 _a793 : p. : cm. ; 22
365 _cRS
_b30
999 _c12976
_d12976